| 000 | 00355nam a2200157Ia 4500 | ||
|---|---|---|---|
| 008 | 191201s2006 xx 000 0 und d | ||
| 020 | _a8170292565 | ||
| 082 |
_a005.133 _bKAC |
||
| 100 | _aKANETKAR, Yashwant | ||
| 245 | 0 | _aC Projects | |
| 250 | _aRep | ||
| 260 |
_aN.Delhi _bBPB Publication _c2006 |
||
| 300 | _a596 | ||
| 650 | _aMCA | ||
| 942 |
_2ddc _cBK |
||
| 999 |
_c3677 _d3677 |
||